Manuel d'economie politique

محفوظ في:
التفاصيل البيبلوغرافية
المؤلف الرئيسي: Nikitine, P.
التنسيق: كتاب
اللغة:Undetermined
منشور في: Moscou Editions en Langues Etrangeres 1961
الموضوعات:
الوسوم: إضافة وسم
لا توجد وسوم, كن أول من يضع وسما على هذه التسجيلة!
Thư viện lưu trữ: Trung tâm Học liệu Trường Đại học Cần Thơ
LEADER 00473nam a2200181Ia 4500
001 CTU_80427
008 210402s9999 xx 000 0 und d
082 |a 330 
082 |b N692 
100 |a Nikitine, P. 
245 0 |a Manuel d'economie politique 
245 0 |c P. Nikitine 
260 |a Moscou 
260 |b Editions en Langues Etrangeres 
260 |c 1961 
650 |a Economics 
904 |i Trọng Hải 
980 |a Trung tâm Học liệu Trường Đại học Cần Thơ